000 00873nam a2200337Ia 4500
001 136069
003 228043
005 20241011062624.0
008 ||||||n9999 ||| || ||
082 _a301
100 _aRitzer, George
_9170551
245 0 _aTeoría sociológica moderna
_cGeorge Ritzer ; traducción María Teresa Casado Rodríguez ; revisión técnica Miguel Requena
250 _a5a. ed.
504 _aIncluye bibliografía e índice
562 _e1
650 _aFEMINISTAS
_9102922
650 _aMUJERES REFORMISTAS SOCIALES
_9165699
650 0 _aSociología
_9884
650 _aSOCIOLOGOS--SIGLO XX
_9165701
942 _cBKM
999 _c136069
_d136069
526 _a102618
526 _a15794
526 _a102620
526 _a10406
526 _a4969
526 _a19790
526 _a104436
526 _a3899
526 _a9683
526 _a1703